| 000 | 00324nam a2200121Ia 4500 | ||
|---|---|---|---|
| 008 | 230907s9999||||xx |||||||||||||| ||und|| | ||
| 082 |
_a668.12 _bDUN |
||
| 100 |
_aDunn, Kevin M. _9115527 |
||
| 245 | 0 | _aScientific soapmaking : | |
| 260 |
_aClavicula Press, _bFarmville, VA : _c2010 |
||
| 300 | _axviii, 412 p. : | ||
| 942 | _cBK | ||
| 999 |
_c598684 _d598684 |
||